000 00324nam a2200109Ia 4500
008 160531s9999 xx 000 0 und d
100 _aPovilitis, Tony.
245 _aTopics in Conservation Biology
245 _cby Tony Povilitis
260 _c2012
856 _uhttp://www.intechopen.com/books/topics-in-conservation-biology
999 _c295107
_d295107